Solar magnetic fields / (Record no. 30269)
[ view plain ]
| 000 -LEADER | |
|---|---|
| fixed length control field | 00611 a2200181 4500 |
| 020 ## - INTERNATIONAL STANDARD BOOK NUMBER | |
| International Standard Book Number | 0521461197 |
| 020 ## - INTERNATIONAL STANDARD BOOK NUMBER | |
| International Standard Book Number | 9780521461191 |
| 082 ## - DEWEY DECIMAL CLASSIFICATION NUMBER | |
| Classification number | 523.7 SCH |
| 090 ## - LOCALLY ASSIGNED LC-TYPE CALL NUMBER (OCLC); LOCAL CALL NUMBER (RLIN) | |
| -- | 1661 |
| -- | 1661 |
| 100 ## - MAIN ENTRY--PERSONAL NAME | |
| Personal name | Schussler, Manfred. |
| 245 10 - TITLE STATEMENT | |
| Title | Solar magnetic fields / |
| Statement of responsibility, etc. | Manfred Schussler, Wolfgang Schmidt. |
| 260 ## - PUBLICATION, DISTRIBUTION, ETC. | |
| Place of publication, distribution, etc. | New York |
| Name of publisher, distributor, etc. | Cambridge University Press, |
| Date of publication, distribution, etc. | 1994. |
| 300 ## - PHYSICAL DESCRIPTION | |
| Extent | 428 p. ; |
| Dimensions | 26 cm. |
| 700 1# - ADDED ENTRY--PERSONAL NAME | |
| Personal name | Schussler, Manfred. |
| 700 1# - ADDED ENTRY--PERSONAL NAME | |
| Personal name | Schmidt, Wolfgang. |
| 942 ## - ADDED ENTRY ELEMENTS (KOHA) | |
| Institution code [OBSOLETE] | SNS |
| Koha item type | Book |
| Call number prefix | 523.7 SCH |
| Withdrawn status | Lost status | Damaged status | Not for loan | Permanent Location | Current Location | Date acquired | Total Checkouts | Full call number | Barcode | Date last seen | Price effective from | Koha item type |
|---|---|---|---|---|---|---|---|---|---|---|---|---|
| School of Natural Sciences (SNS) | School of Natural Sciences (SNS) | 05/26/2016 | 523.7 SCH | SNS0001842 | 05/26/2016 | 05/26/2016 | Book |
